000 00641pam a2200229 a 4500
001 4260860
005 20180216081059.0
008 841129s1985 mau b 001 0 eng
010 _a 84027293
020 _a0883772914 (pbk.)
040 _aDLC
_cDLC
_dDLC
041 _aeng
080 _a428.007
082 0 0 _a428.007 BOW
_219
100 1 _a46
101 _aEDU
245 1 0 _aTESOL techniques and procedures /
_cJ. Donald Bowen, Harold Madsen, Ann Hilferty.
504 _aBibliography: p. [392]-405.
740 0 _aT.E.S.O.L. techniques and procedures.
906 _a7
_bcbc
_corignew
_d1
_eocip
_f19
_gy-gencatlg
942 _2ddc
_cBK
999 _c42830
_d42830